| 000 | 01250nab a22002897a 4500 | ||
|---|---|---|---|
| 999 |
_c5734 _d5734 |
||
| 003 | OSt | ||
| 005 | 20260101191755.0 | ||
| 008 | 190514b xxu||||| |||| 00| 0 spa d | ||
| 040 | _cPJ | ||
| 100 |
_96654 _aAiroldi, Federico |
||
| 245 | 1 | 0 |
_aDerecho alimentario como derecho humano fundamental /
_cFederico Airoldi, Nicole Muni. |
| 300 | _ap. 79-85 | ||
| 500 | _aCita: TR LALEY AR/DOC/3262/2024. | ||
| 505 | _aSumario: I. El fallo.— II. El caso.— III. Marco normativo.— IV. Interés superior del niño.— V. Palabras de cierre. | ||
| 505 | _aFallo comentado: JFamilia, Niñez y Adolescencia Nro. 4, Corrientes ~ 08/08/2024 ~ T., E. A. s/ alimentos. | ||
| 650 | 0 |
_9967 _aDERECHO DE FAMILIA |
|
| 650 | 0 |
_92741 _aDERECHOS DE LAS NIÑAS, NIÑOS Y ADOLESCENTES |
|
| 650 | 0 |
_9614 _aDERECHOS HUMANOS |
|
| 650 | 0 |
_94097 _aINTERES SUPERIOR DEL NIÑO |
|
| 650 | 0 |
_9968 _aALIMENTOS |
|
| 650 | 0 |
_91215 _aRESPONSABILIDAD DEL ESTADO |
|
| 650 | 0 |
_91057 _aJURISPRUDENCIA APLICABLE |
|
| 651 |
_aCORRIENTES _94343 |
||
| 700 |
_96655 _a Muni, Nicole _ecoautor |
||
| 773 | 0 |
_02844 _93222 _dBuenos Aires : AbeledoPerrot, 1989- _tDerecho de familia. Revista Interdisciplinaria de doctrina y jurisprudencia. Febrero 2025-I. _z18511201 |
|
| 942 |
_2udc _cANA |
||